MARC

LEADER 00000nam0a2200000 4500
001 310780
005 20231102002325.0
020 |a RU  |b 81-66316 
035 |a (RuTPU)RU\TPU\book\336132 
090 |a 310780 
100 |a 20151128d1981 m y0rusy5003 ca 
101 0 |a rus 
102 |a RU 
105 |a a z 001zy 
200 1 |a Знакомьтесь - инструменты  |f В. Д. Евдокимов, С. Н. Полевой 
210 |a Москва  |c Машиностроение  |d 1981 
215 |a 109 с.  |c ил. 
225 1 |a Кем быть? 
320 |a Библиогр.: с. 108 
606 1 |a Инструменты  |2 stltpush  |3 (RuTPU)RU\TPU\subj\12709  |9 39447 
606 1 |a Металлорежущие инструменты  |2 stltpush  |3 (RuTPU)RU\TPU\subj\42566  |9 62225 
610 1 |a режущие инструменты 
610 1 |a выбор 
610 1 |a обработка металлов 
610 1 |a отверстия 
610 1 |a резцы 
610 1 |a фрезы 
610 1 |a абразивные круги 
610 1 |a брусковые конструкции 
610 1 |a измерительный инструмент 
675 |a 621.753.5  |z rus  |v 3 
675 |a 621.9.02  |z rus  |v 3 
700 1 |a Евдокимов  |b В. Д.  |g Вадим Дмитриевич  |4 070 
701 1 |a Полевой  |b С. Н.  |g Сталин Наумович  |4 070 
801 0 |a RU  |b RuMRKP  |c 19950704  |g psbo 
801 1 |a RU  |b 63413507  |c 20151128 
801 2 |a RU  |b 63413507  |c 20191011  |g RCR 
942 |c BK